000 00885nam a2200229 i 4500
001 182721
003 ES-MaACL
005 20250701053803.0
008 131018s1918 sp |||| | spa d
080 _a1(460)
100 1 _aMenéndez y Pelayo, Marcelino,
_d1856-1912
_980332
245 1 0 _aEnsayos de crítica filosófica /
_cpor Marcelino Menéndez y Pelayo ; edición ordenada y anotada por Adolfo Bonilla y San Martín.
260 _aMadrid :
_bVictoriano Suárez,
_c1918 (
_fFortanet)
300 _a399 p. ;
_c25 cm.
490 1 _aObras completas del Excmo. Señor Marcelino Menéndez Pelayo ;
_v9
650 4 _aFilosofía-
_zEspaña.
_912842
700 1 _aBonilla y San Martín, Adolfo,
_d1875-1926
_930193
830 1 0 _aObras completas de M. Menéndez y Pelayo
_v9
_9221933
852 _aES-MaACL
_jB-503
852 _aES-MaACL
_jC-22897
999 _c182721
_d182721